导出完成 — 

Interactions access : Reading

Đã lưu trong:
书目详细资料
主要作者: Hartmann, Pamela
格式: 图书
语言:Undetermined
出版: New York McGraw-Hill c2007
主题:
标签: 添加标签
没有标签, 成为第一个标记此记录!
Thư viện lưu trữ: Trung tâm Học liệu Trường Đại học Cần Thơ
LEADER 00748nam a2200229Ia 4500
001 CTU_197782
008 210402s9999 xx 000 0 und d
020 |c 149000 
082 |a 428.0071 
082 |b I.61 
100 |a Hartmann, Pamela 
245 0 |a Interactions access : 
245 0 |b Reading 
245 0 |c Pamela Hartmann, James Mentel 
260 |a New York 
260 |b McGraw-Hill 
260 |c c2007 
650 |a English language,English language,Readers 
650 |x textbooks for foreign speakers.,composition and exercises 
904 |i Năm, H.Mai chuyển số PL về 428.0071, mã hóa cutter theo tên sách dùng cho cả bộ 
915 |a 400 
980 |a Trung tâm Học liệu Trường Đại học Cần Thơ